Statistics for Taylor Swift 64

Click here to take the quiz!

General Stats

  • This quiz has been taken 9 times
  • The average score is 274 of 348

Answer Stats

Answer% Correct
a
100%
be
100%
I
100%
is
100%
it
100%
me
100%
my
100%
the
100%
when
100%
you
100%
and
89%
but
89%
could
89%
for
89%
go
89%
good
89%
I'm
89%
in
89%
it's
89%
kiss
89%
know
89%
of
89%
on
89%
should
89%
to
89%
was
89%
what
89%
would
89%
your
89%
you're
89%
away
78%
bad
78%
better
78%
by
78%
couldn't
78%
down
78%
everything
78%
eyes
78%
front
78%
get
78%
green
78%
house
78%
I'll
78%
just
78%
like
78%
meet
78%
no
78%
not
78%
now
78%
once
78%
really
78%
see
78%
something
78%
than
78%
that
78%
there
78%
thinking
78%
those
78%
way
78%
with
78%
you'll
78%
around
67%
as
67%
baby
67%
'cause
67%
close
67%
drop
67%
even
67%
far
67%
fly
67%
give
67%
haunt
67%
hope
67%
kind
67%
lights
67%
move
67%
oh
67%
pain
67%
pouring
67%
rain
67%
run
67%
sidewalk
67%
smile
67%
sparks
67%
stood
67%
take
67%
that'll
67%
whenever
67%
won't
67%
cards
56%
enough
56%
feel
56%
find
56%
forgets
56%
full
56%
idea
56%
keep
56%
kinda
56%
make
56%
mind
56%
rainstorm
56%
reckless
56%
remind
56%
right
56%
running
56%
send
56%
show
56%
touch
56%
up
56%
wait
56%
watch
56%
wish
56%
captivated
44%
fingers
44%
fireworks
44%
guard
44%
hair
44%
imagined
44%
keeping
44%
lead
44%
patiently
44%
rest
44%
slow
44%
soft
44%
staircase
44%
through
44%
whisper
44%
wild
44%
world
44%
wrong
44%

Score Distribution

Percentile by Number Answered

Percent of People with Each Score

Your Score History

You have not taken this quiz